Wildtree Hotels Ltd and others v Harrow LBC (Record no. 64320)
[ view plain ]
| 000 -LEADER | |
|---|---|
| fixed length control field | 01490cam a2200253 4500 |
| 001 - CONTROL NUMBER | |
| control field | ABS62597 |
| 008 - FIXED-LENGTH DATA ELEMENTS--GENERAL INFORMATION | |
| fixed length control field | 000000n2000 000 0 eng u |
| 035 ## - SYSTEM CONTROL NUMBER | |
| System control number | (Sirsi) u107663 |
| 245 ## - TITLE STATEMENT | |
| Title | Wildtree Hotels Ltd and others v Harrow LBC |
| 260 ## - PUBLICATION, DISTRIBUTION, ETC. | |
| Date of publication, distribution, etc. | 2000 |
| 490 ## - SERIES STATEMENT | |
| Series statement | Rating & Valuation Reporter |
| Volume/sequential designation | [2000] 40(6) RVR 235-242(8) |
| 520 ## - SUMMARY, ETC. | |
| Summary, etc. | HL 22 June 2000. The claimants W, owners of a hotel in Harrow, sought compensation under the Compulsory Purchase Act 1965 s10 for noise, dust and vibration created by erection of hoardings, and restricted access to and from the public highway, all of which affected business. On appeal by W the CA considered whether the LT were right to decided that compensation was not payable where an interference to some legal right was not a direct interference to land or a right appurtenant to land. The CA decided that the LT had erred in deciding that compensation was payable when the interference was temporary. 'Held' the appeal was allowed to the extent of the question of temporary interference, but otherwise it was dismissed. |
| 590 ## - LOCAL NOTE (RLIN) | |
| Local note | ABS |
| 650 ## - SUBJECT ADDED ENTRY--TOPICAL TERM | |
| Topical term or geographic name entry element | ACCESS |
| 650 ## - SUBJECT ADDED ENTRY--TOPICAL TERM | |
| Topical term or geographic name entry element | COMPENSATION |
| 650 ## - SUBJECT ADDED ENTRY--TOPICAL TERM | |
| Topical term or geographic name entry element | COMPULSORY PURCHASE ACT 1965 S10 |
| 650 ## - SUBJECT ADDED ENTRY--TOPICAL TERM | |
| Topical term or geographic name entry element | HOARDINGS |
| 650 ## - SUBJECT ADDED ENTRY--TOPICAL TERM | |
| Topical term or geographic name entry element | INJURIOUS AFFECTION |
| 650 ## - SUBJECT ADDED ENTRY--TOPICAL TERM | |
| Topical term or geographic name entry element | LOSS IN VALUE |
| 650 ## - SUBJECT ADDED ENTRY--TOPICAL TERM | |
| Topical term or geographic name entry element | WILDTREE HOTELS LTD AND OTHERS V HARROW LBC |
| 650 ## - SUBJECT ADDED ENTRY--TOPICAL TERM | |
| Topical term or geographic name entry element | ROAD WORKS |
| 690 ## - LOCAL SUBJECT ADDED ENTRY--TOPICAL TERM (OCLC, RLIN) | |
| Topical term or geographic name as entry element | ENVIRONMENTAL AND LAND CONSULTANCY-PLANNING AND DEVELOPMENT-COMPULSORY PURCHASE AND COMPENSATION |
| 942 ## - ADDED ENTRY ELEMENTS (KOHA) | |
| Suppress in OPAC | 0 |
| Withdrawn status | Lost status | Source of classification or shelving scheme | Damaged status | Not for loan | Home library | Current library | Shelving location | Date acquired | Total Checkouts | Full call number | Barcode | Date last seen | Copy number | Price effective from | Koha item type |
|---|---|---|---|---|---|---|---|---|---|---|---|---|---|---|---|
| Dewey Decimal Classification | London | London | Journal article | 27/02/2001 | ABS62597 | 107663-1001 | 06/08/2019 | 1 | 06/08/2019 | Law report |